Maschinenethik: normative Grenzen autonomer Systeme
| Corporate Author: | |
|---|---|
| Contributors: | ; ; |
| Format: | Print Book |
| Language: | German |
| Subito Delivery Service: | Order now. |
| Check availability: | HBZ Gateway |
| WorldCat: | WorldCat |
| Interlibrary Loan: | Interlibrary Loan for the Fachinformationsdienste (Specialized Information Services in Germany) |
| Published: |
Wiesbaden [Heidelberg]
Springer VS
[2019]
|
| In: | Year: 2019 |
| Reviews: | [Rezension von: Maschinenethik] (2019) (Paganini, Claudia, 1978 -)
|
| Series/Journal: | Ethik in mediatisierten Welten
|
| Standardized Subjects / Keyword chains: | B
Machine
/ Human-machine systems
/ Artificial intelligence
/ Autonomous system
/ Robotics
/ Ethics
B New media / Robotics / Ethics B Machine / Applied ethics |
| Further subjects: | B
Collection of essays
|
| Online Access: |
Cover Cover Inhaltstext (Publisher) Table of Contents |
| Parallel Edition: | Electronic
|
MARC
| LEADER | 00000cam a2200000 c 4500 | ||
|---|---|---|---|
| 001 | 1028593872 | ||
| 003 | DE-627 | ||
| 005 | 20251224212543.0 | ||
| 007 | tu | ||
| 008 | 180808s2019 gw ||||| 00| ||ger c | ||
| 015 | |a 18,N32 |2 dnb | ||
| 016 | 7 | |a 1163830291 |2 DE-101 | |
| 020 | |a 3658210826 |c : Broschur : EUR 49.99 (DE), EUR 51.39 (AT), CHF 51.50 (freier Preis) |9 3-658-21082-6 | ||
| 020 | |a 9783658210823 |c : Broschur : EUR 49.99 (DE), EUR 51.39 (AT), CHF 51.50 (freier Preis) |9 978-3-658-21082-3 | ||
| 024 | 3 | |a 9783658210823 | |
| 028 | 5 | 2 | |a 86910118 |
| 035 | |a (DE-627)1028593872 | ||
| 035 | |a (DE-576)510700357 | ||
| 035 | |a (DE-599)DNB1163830291 | ||
| 035 | |a (OCoLC)1048290482 | ||
| 040 | |a DE-627 |b ger |c DE-627 |e rda | ||
| 041 | |a ger | ||
| 044 | |c XA-DE-HE |c XA-DE-BW | ||
| 072 | 7 | |a GTC |2 thema | |
| 072 | 7 | |a GTC |2 bicssc | |
| 072 | 7 | |a LAN004000 |2 bisacsh | |
| 082 | 0 | |a 174.9629892 |q DE-101 | |
| 082 | 0 | 4 | |a 100 |a 620 |q DE-101 |
| 084 | |a 1 |2 ssgn | ||
| 084 | |a ZG 8640 |q BVB |2 rvk |0 (DE-625)rvk/155994: | ||
| 084 | |a CC 7260 |q BSZ |2 rvk |0 (DE-625)rvk/17677: | ||
| 084 | |a CC 7270 |q DE-Ofb1/22 |2 rvk |0 (DE-625)rvk/161523: | ||
| 084 | |a AP 13625 |2 rvk |0 (DE-625)rvk/6885: | ||
| 084 | |a 50.25 |2 bkl | ||
| 084 | |a 08.38 |2 bkl | ||
| 245 | 0 | 0 | |a Maschinenethik |b normative Grenzen autonomer Systeme |c Matthias Rath, Friedrich Krotz, Matthias Karmasin (Hrsg.) |
| 264 | 1 | |a Wiesbaden |a [Heidelberg] |b Springer VS |c [2019] | |
| 264 | 4 | |c © 2019 | |
| 300 | |a VIII, 261 Seiten |b Illustrationen |c 21 cm x 14.8 cm, 355 g | ||
| 336 | |a Text |b txt |2 rdacontent | ||
| 337 | |a ohne Hilfsmittel zu benutzen |b n |2 rdamedia | ||
| 338 | |a Band |b nc |2 rdacarrier | ||
| 490 | 0 | |a Ethik in mediatisierten Welten | |
| 500 | |a Literaturangaben | ||
| 500 | |a Enthält: 15 Beiträge | ||
| 583 | 1 | |a Archivierung/Langzeitarchivierung gewährleistet |f PEBW |x XA-DE-BW |2 pdager |5 DE-31 | |
| 601 | |a Autonomie | ||
| 655 | 7 | |a Aufsatzsammlung |0 (DE-588)4143413-4 |0 (DE-627)105605727 |0 (DE-576)209726091 |2 gnd-content | |
| 689 | 0 | 0 | |d s |0 (DE-588)4037786-6 |0 (DE-627)106235400 |0 (DE-576)209026642 |2 gnd |a Maschine |
| 689 | 0 | 1 | |d s |0 (DE-588)4038662-4 |0 (DE-627)104493860 |0 (DE-576)209031387 |2 gnd |a Mensch-Maschine-System |
| 689 | 0 | 2 | |d s |0 (DE-588)4033447-8 |0 (DE-627)106257188 |0 (DE-576)209002050 |2 gnd |a Künstliche Intelligenz |
| 689 | 0 | 3 | |d s |0 (DE-588)4143713-5 |0 (DE-627)104312475 |0 (DE-576)209728280 |2 gnd |a Autonomes System |
| 689 | 0 | 4 | |d s |0 (DE-588)4261462-4 |0 (DE-627)104630280 |0 (DE-576)210598069 |2 gnd |a Robotik |
| 689 | 0 | 5 | |d s |0 (DE-588)4015602-3 |0 (DE-627)106335987 |0 (DE-576)208912614 |2 gnd |a Ethik |
| 689 | 0 | |5 DE-101 | |
| 689 | 1 | 0 | |d s |0 (DE-588)4196910-8 |0 (DE-627)104456221 |0 (DE-576)210111151 |2 gnd |a Neue Medien |
| 689 | 1 | 1 | |d s |0 (DE-588)4261462-4 |0 (DE-627)104630280 |0 (DE-576)210598069 |2 gnd |a Robotik |
| 689 | 1 | 2 | |d s |0 (DE-588)4015602-3 |0 (DE-627)106335987 |0 (DE-576)208912614 |2 gnd |a Ethik |
| 689 | 1 | |5 (DE-627) | |
| 689 | 2 | 0 | |d s |0 (DE-588)4037786-6 |0 (DE-627)106235400 |0 (DE-576)209026642 |2 gnd |a Maschine |
| 689 | 2 | 1 | |d s |0 (DE-588)4307007-3 |0 (DE-627)123213800 |0 (DE-576)211092444 |2 gnd |a Angewandte Ethik |
| 689 | 2 | |5 (DE-627) | |
| 700 | 1 | |e HerausgeberIn |0 (DE-588)132335611 |0 (DE-627)521436079 |0 (DE-576)299082636 |4 edt |a Rath, Matthias |d 1959- | |
| 700 | 1 | |e HerausgeberIn |0 (DE-588)140389202 |0 (DE-627)618264477 |0 (DE-576)316683493 |4 edt |a Krotz, Friedrich |d 1950- | |
| 700 | 1 | |e HerausgeberIn |0 (DE-588)120968851 |0 (DE-627)081001207 |0 (DE-576)171364821 |4 edt |a Karmasin, Matthias |d 1964- | |
| 710 | 2 | |e Verlag |0 (DE-588)1043386068 |0 (DE-627)770495842 |0 (DE-576)394755561 |4 pbl |a Springer Fachmedien Wiesbaden | |
| 776 | 1 | |o 10.1007/978-3-658-21083-0 | |
| 776 | 1 | |z 9783658210830 |c eBook | |
| 776 | 0 | 8 | |i Erscheint auch als |n Online-Ausgabe |t Maschinenethik |d Wiesbaden : Springer VS, 2019 |h 1 Online-Ressource |w (DE-627)1030107912 |w (DE-576)510621570 |z 9783658210830 |k Electronic |
| 787 | 0 | 8 | |i Rezensiert in |a Paganini, Claudia, 1978 - |t [Rezension von: Maschinenethik] |d 2019 |w (DE-627)1830539973 |
| 856 | 4 | 2 | |u https://swbplus.bsz-bw.de/bsz510700357inh.htm |m V:DE-576;B:DE-Sp3 |q application/pdf |v 20190114154234 |3 Inhaltsverzeichnis |7 1 |
| 856 | 4 | 2 | |u http://vub.de/cover/data/isbn%3A9783658210823/medium/true/de/vub/cover.jpg |x cover |z Cover |7 1 |
| 856 | 4 | 2 | |u http://deposit.dnb.de/cgi-bin/dokserv?id=9a439886f7414240a76f0c923def36d1&prov=M&dok_var=1&dok_ext=htm |m X: MVB |q text/html |v 2018-08-08 |x Verlag |3 Inhaltstext |7 1 |
| 856 | 4 | 2 | |u https://swbplus.bsz-bw.de/bsz510700357cov.jpg |m V:DE-576 |m X:Springer |q image/jpeg |v 20181213141343 |3 Cover |7 1 |
| 935 | |i Blocktest | ||
| 936 | r | v | |a ZG 8640 |b Beziehungen zu anderen Gebieten |k Technik |k Technik allgemein |k Beziehungen zu anderen Gebieten |0 (DE-627)1271158167 |0 (DE-625)rvk/155994: |0 (DE-576)201158167 |
| 936 | r | v | |a CC 7260 |b Allgemeines |k Philosophie |k Systematische Philosophie |k Ethik |k Angewandte Ethik (Bioethik, Medizinische Ethik, Ethik der einzelnen Wissenschaften) |k Allgemeines |0 (DE-627)1272310515 |0 (DE-625)rvk/17677: |0 (DE-576)202310515 |
| 936 | r | v | |a CC 7270 |b Ethik der Künstlichen Intelligenz, Maschinenethik, Roboterethik |k Philosophie |k Systematische Philosophie |k Ethik |k Ethik der Künstlichen Intelligenz, Maschinenethik, Roboterethik |0 (DE-627)1668163942 |0 (DE-625)rvk/161523: |
| 936 | r | v | |a AP 13625 |b Ethik; Medienethik |k Allgemeines |k Medien- und Kommunikationswissenschaften, Medienkulturwissenschaft, Kommunikationsdesign |k Theorie und Methodik |k Ethik; Medienethik |0 (DE-627)1270684299 |0 (DE-625)rvk/6885: |0 (DE-576)200684299 |
| 936 | b | k | |a 50.25 |j Robotertechnik |0 (DE-627)106419447 |
| 936 | b | k | |a 08.38 |j Ethik |0 (DE-627)10640265X |
| 951 | |a BO | ||
| ACO | |a 1 | ||
| ELC | |b 1 | ||
| LOK | |0 000 xxxxxcx a22 zn 4500 | ||
| LOK | |0 001 4247974653 | ||
| LOK | |0 003 DE-627 | ||
| LOK | |0 004 1028593872 | ||
| LOK | |0 005 20230113151800 | ||
| LOK | |0 008 230113||||||||||||||||ger||||||| | ||
| LOK | |0 040 |a DE-Tue135-1 |c DE-627 |d DE-Tue135-1 | ||
| LOK | |0 852 |a DE-Tue135-1 | ||
| LOK | |0 852 1 |m p |9 00 | ||
| LOK | |0 935 |a inmo | ||
| LOK | |0 938 |k p | ||
| LOK | |0 939 |a 13-01-23 |b l01 | ||
| ORI | |a SA-MARC-ixtheoa001.raw | ||
| REF | |a Medienethik | ||
| REL | |a 1 | ||
| STA | 0 | 0 | |a Applied ethics,Practical ethics,Ethical practice areas,Artificial intelligence,Artificial intelligence,Autonomous system,Ethics,Ethics,Moral philosophy,Philosophical Ethics,Ethics,Human-machine systems,Machine,Machine,New media,Digital media,Robotics |
| STB | 0 | 0 | |a Intelligence artificielle,Intelligence artificielle,Machine,Machine,Nouveaux médias,Robotique,Système autonome,Système homme-machine,Éthique appliquée,Éthique,Éthique,Morale,Morale,Morale |
| STC | 0 | 0 | |a Inteligencia artificial,Inteligencia artificial,Máquina,Máquina,Nuevos medios digitales,Robótica,Sistema autónomo,Sistema máquina - ser humano,Ética aplicada,Ética,Ética,Ética moderna |
| STD | 0 | 0 | |a Etica applicata,Etica,Etica,Intelligenza artificiale,Intelligenza artificiale,Macchina,Macchina <motivo>,Macchinario (motivo),Macchinario,Macchinario,Macchinario,Nuovi media,Media digitali,Media digitali,Robotica,Sistema autonomo,Sistema uomo-macchina |
| STE | 0 | 0 | |a 人工智能,人工智能,机器智能,机器智能,伦理学,道德哲学,道德学,应用伦理学,实践伦理学,新媒体 |
| STF | 0 | 0 | |a 人工智能,人工智能,機器智能,機器智能,倫理學,道德哲學,道德學,應用倫理學,實踐倫理學,新媒體,机器,机器人学 |
| STG | 0 | 0 | |a Inteligência artificial,Inteligência artificial,Máquina,Máquina,Novos meios digitais,Robótica,Sistema autônomo,Sistema máquina - ser humano,Ética aplicada,Ética,Ética |
| STH | 0 | 0 | |a Автономная система,Искусственный интеллект (мотив),Искусственный интеллект,Машина,Машина (мотив),Новые медиа,Прикладная этика,Робототехника,Система человек-машина,Этика (мотив),Этика |
| STI | 0 | 0 | |a Αυτόνομο σύστημα,Εφαρμοσμένη ηθική,Ηθική (μοτίβο),Ηθική,Μηχανή,Μηχανή <μοτίβο>,Μηχάνημα (μοτίβο),Μηχάνημα,Νέα Μέσα,Ψηφιακά Μέσα,Ρομποτική,Σύστημα ανθρώπου-μηχανής,Τεχνητή νοημοσύνη (μοτίβο),Τεχνητή νοημοσύνη |
| SUB | |a REL | ||
| SYG | 0 | 0 | |a Maschinen , Artificial intelligence,Computerunterstützte Intelligenz,Maschinelle Intelligenz,KI , Robotertechnik,Robotics , Ethics,Moral,Morality,Moralphilosophie,Tugend,Wertethik,Ethische Theorie,Moral,Philosophische Ethik,Sittenlehre,Moralphilosophie , Digitale Medien , Robotertechnik,Robotics , Ethics,Moral,Morality,Moralphilosophie,Tugend,Wertethik,Ethische Theorie,Moral,Philosophische Ethik,Sittenlehre,Moralphilosophie , Maschinen , Praktische Ethik,Applied Ethics,Bereichsethik |



